[Event "Carroll Capps"]
[Site "San Francisco"]
[Date "2005.11.06"]
[Round "6"]
[White "Livschitz, Louiza"]
[Black "Salvo, Tab"]
[Result "1-0"]
[WhiteElo "1891"]
[BlackElo "1712"]
[PlyCount "34"]
[EventDate "2005.11.05"]
[EventType "swiss"]
[EventRounds "6"]
[EventCountry "USA"]

1. e4 g6 2. d4 Bg7 3. c4 d6 4. Nc3 a6 5. Nf3 Nd7 6. Be2 c6 7. O-O Ngf6 8. e5
Ng4 9. e6 Ndf6 10. exf7+ Kxf7 11. h4 Nh6 12. Ng5+ Kg8 13. d5 Nf7 14. Ne6 Bxe6
15. dxe6 Nh6 16. Qd3 Nf5 {remainder illegible} 17. Qd4 Nd7 1-0

[Event "Carroll Capps"]
[Site "San Francisco"]
[Date "2005.11.06"]
[Round "6"]
[White "Luke, Gary"]
[Black "Parker, Harold"]
[Result "1/2-1/2"]
[WhiteElo "1831"]
[BlackElo "1547"]
[PlyCount "93"]
[EventDate "2005.11.05"]
[EventType "swiss"]
[EventRounds "6"]
[EventCountry "USA"]

1. e4 e5 2. f4 exf4 3. Nf3 d5 4. exd5 Nf6 5. Nc3 Nxd5 6. Bc4 Be6 7. Qe2 Be7 8.
O-O O-O 9. Qe4 Nxc3 10. bxc3 Bxc4 11. Qxc4 Bd6 12. d4 Nc6 13. Qb5 Rb8 14. Qf5
Ne7 15. Qh5 Ng6 16. Ng5 h6 17. Nxf7 Rxf7 18. Qxg6 Qf6 19. Qg4 Qf5 20. Qxf5 Rxf5
21. c4 g5 22. c5 Bf8 23. Rb1 b6 24. Ba3 Re8 25. c4 Re2 26. cxb6 axb6 27. Bxf8
Kxf8 28. Rf2 Rxf2 29. Kxf2 Ra5 30. Rb2 Ke7 31. Kf3 h5 32. Ke4 Kf6 33. d5 Ra3
34. Re2 Ra4 35. Kd3 Ra3+ 36. Kd4 Ra4 37. Re6+ Kf7 38. Rc6 Rxa2 39. Rxc7+ Ke8
40. Rg7 Rxg2 41. h4 g4 42. Ke4 f3 43. Ke3 Re2+ 44. Kd3 Re1 45. Rg8+ Kf7 46. Rg5
Kf6 47. Rg8 1/2-1/2

[Event "Carroll Capps"]
[Site "San Francisco"]
[Date "2005.11.06"]
[Round "6"]
[White "Saguid, Vincent"]
[Black "Chinchwadkar, Ojas"]
[Result "1-0"]
[WhiteElo "1486"]
[BlackElo "1287"]
[PlyCount "39"]
[EventDate "2005.11.05"]
[EventType "swiss"]
[EventRounds "6"]
[EventCountry "USA"]

1. Nf3 Nc6 2. g3 e5 3. d3 d5 4. Bg2 Bf5 5. O-O Qd7 6. Re1 Nf6 7. Nbd2 O-O-O 8.
c4 Bd6 9. cxd5 Ne7 10. Nc4 Bb4 11. Bd2 Bxd2 12. Qxd2 Ng6 13. Nfxe5 Qe7 14. Nxg6
hxg6 15. d6 cxd6 16. Rac1 Kb8 17. Na5 b6 18. Nc6+ Kb7 19. Nxe7+ Kb8 20. Nc6+
1-0

[Event "Carroll Capps"]
[Site "San Francisco"]
[Date "2005.11.06"]
[Round "6"]
[White "Zavadsky, Peter"]
[Black "Ogush, Michael"]
[Result "1-0"]
[WhiteElo "2202"]
[BlackElo "1800"]
[PlyCount "94"]
[EventDate "2005.11.05"]
[EventType "swiss"]
[EventRounds "6"]
[EventCountry "USA"]

1. e4 d6 2. d4 Nf6 3. Nc3 g6 4. Be3 c6 5. f3 b5 6. Qd2 Bg7 7. O-O-O O-O 8. Kb1
b4 9. Nce2 a5 10. Nf4 Qc7 11. Bc4 e5 12. dxe5 dxe5 13. Nfe2 Ba6 14. Qd3 Nfd7
15. Nh3 Nb6 16. Bxa6 Nxa6 17. Qd6 Nc4 18. Qxc7 Nxc7 19. Bc1 Rfd8 20. b3 Nd6 21.
Nf2 Ne6 22. Nd3 Nb5 23. Be3 Nbd4 24. Nxd4 exd4 25. Bf2 Rdc8 26. f4 c5 27. f5
Ng5 28. Rhe1 f6 29. h4 Nf7 30. Nf4 Ne5 31. Bg3 a4 32. Nd5 Rcb8 33. Bxe5 fxe5
34. g4 Ra6 35. fxg6 hxg6 36. Rf1 Rf8 37. Rxf8+ Bxf8 38. Rf1 Kg7 39. g5 a3 40.
Kc1 Ra7 41. Rf6 Rf7 42. Kd2 Rxf6 43. Nxf6 Kf7 44. Kd3 Be7 45. Nd5 Bf8 46. Kc4
Ke6 47. Kb5 Kd6 1-0

[Event "McCLain Mem, G/45"]
[Site "San Francisco"]
[Date "2005.12.03"]
[Round "1"]
[White "Chan, John"]
[Black "Gallegos, Paul"]
[Result "0-1"]
[WhiteElo "1659"]
[BlackElo "2200"]
[PlyCount "60"]
[EventDate "2005.12.03"]
[EventType "swiss (rapid)"]
[EventRounds "5"]
[EventCountry "USA"]

1. c4 e5 2. Nc3 d6 3. Nf3 f5 4. d3 Nf6 5. Bg5 Nbd7 6. h3 h6 7. Bxf6 Nxf6 8. Qc2
Be7 9. e3 O-O 10. Be2 Be6 11. Nh4 Qe8 12. Nb5 Bd8 13. O-O-O c6 14. Nxd6 Qd7 15.
c5 Nd5 16. Ng6 Rf6 17. Nxe5 Qe7 18. a3 Bc7 19. Nec4 b5 20. Ne5 Bxd6 21. cxd6
Qxd6 22. d4 c5 23. Kb1 Rc8 24. Qd2 b4 25. Nc4 Qb8 26. Rc1 Nc3+ 27. Ka1 Nxe2 28.
d5 Nxc1 29. Qxc1 Bxd5 30. Rd1 Bf7 0-1

[Event "McCLain Mem, G/45"]
[Site "San Francisco"]
[Date "2005.12.03"]
[Round "1"]
[White "De Guzman, Ricardo"]
[Black "Sowell, Nelson"]
[Result "1-0"]
[WhiteElo "2483"]
[BlackElo "1736"]
[PlyCount "71"]
[EventDate "2005.12.03"]
[EventType "swiss (rapid)"]
[EventRounds "5"]
[EventCountry "USA"]

1. e4 Nf6 2. e5 Nd5 3. c4 Nb6 4. c5 Nd5 5. Nc3 Nxc3 6. bxc3 d6 7. cxd6 exd6 8.
Nf3 Be7 9. d4 O-O 10. Bd3 Bg4 11. h3 Bh5 12. Qb3 Bxf3 13. gxf3 dxe5 14. Qxb7
Nd7 15. Qe4 f5 16. Qd5+ Kh8 17. Bb5 Nb6 18. Qxd8 Raxd8 19. dxe5 Rd5 20. a4
Rxe5+ 21. Kf1 Rd8 22. Be3 Bc5 23. Bf4 Red5 24. Bxc7 Rd1+ 25. Kg2 Rxa1 26. Rxa1
Rd2 27. Re1 h6 28. Re8+ Kh7 29. c4 Rxf2+ 30. Kg3 Rd2 31. h4 g5 32. h5 Bf2+ 33.
Kh3 Rd4 34. Be5 Rh4+ 35. Kg2 Bd4 36. Rh8# 1-0

[Event "McCLain Mem, G/45"]
[Site "San Francisco"]
[Date "2005.12.03"]
[Round "1"]
[White "Perepelitsky, Edward"]
[Black "Parker, Harold"]
[Result "1-0"]
[WhiteElo "2117"]
[BlackElo "1500"]
[PlyCount "34"]
[EventDate "2005.12.03"]
[EventType "swiss (rapid)"]
[EventRounds "5"]
[EventCountry "USA"]

1. d4 d5 2. c4 e6 3. Nc3 Nf6 4. Bg5 Nbd7 5. e3 Be7 6. Nf3 O-O 7. Rc1 h6 8. Bh4
c5 9. cxd5 Nxd5 10. Bxe7 Nxe7 11. Bd3 cxd4 12. Nxd4 a6 13. O-O e5 14. Nc2 Nf6
15. Qe2 Be6 16. e4 Rc8 17. Ne3 Qa5 {remainder illegible; W won in 36 moves} 1-0

[Event "McCLain Mem, G/45"]
[Site "San Francisco"]
[Date "2005.12.03"]
[Round "1"]
[White "Saguid, Vincent"]
[Black "Vayntrub, Dmitry"]
[Result "0-1"]
[WhiteElo "1486"]
[BlackElo "2101"]
[PlyCount "46"]
[EventDate "2005.12.03"]
[EventType "swiss (rapid)"]
[EventRounds "5"]
[EventCountry "USA"]

1. Nf3 c5 2. g3 Nc6 3. Bg2 g6 4. O-O Bg7 5. d3 e5 6. e4 Nge7 7. Nbd2 O-O 8. Nc4
d6 9. h3 f5 10. exf5 gxf5 11. Bg5 Be6 12. Ne3 Qd7 13. Kh2 Rae8 14. c3 Ng6 15.
Nc2 f4 16. d4 cxd4 17. cxd4 Qf7 18. d5 Bxd5 19. Nxe5 Rxe5 20. Bxd5 Rxd5 21. Qc1
Rxg5 22. gxf4 Nxf4 23. Ne3 Qh5 0-1

[Event "McCLain Mem, G/45"]
[Site "San Francisco"]
[Date "2005.12.03"]
[Round "1"]
[White "Starr, Albert"]
[Black "Perepelitsky, Philipp"]
[Result "0-1"]
[WhiteElo "1521"]
[BlackElo "2134"]
[PlyCount "68"]
[EventDate "2005.12.03"]
[EventType "swiss (rapid)"]
[EventRounds "5"]
[EventCountry "USA"]

1. b4 d5 2. e3 Nf6 3. Bb2 Bf5 4. Nf3 e6 5. b5 Bd6 6. Be2 O-O 7. O-O Nbd7 8. d3
e5 9. Nbd2 Qe7 10. c4 c6 11. a4 Rfd8 12. g3 h6 13. Re1 Bh7 14. Bf1 Rac8 15. Nb3
e4 16. dxe4 dxe4 17. Nfd2 Ne5 18. Rc1 c5 19. Qe2 Bf5 20. h3 Nd3 21. Nb1 Nd7 22.
Na5 N7e5 23. Bg2 Nxe1 24. Rxe1 Nd3 25. Rd1 Bc7 26. Bc3 Bb8 27. Nd2 Bg6 28. Qg4
h5 29. Qe2 h4 30. Qg4 hxg3 31. fxg3 Be5 32. Bxe5 Qxe5 33. Nxb7 Bh5 34. Qxe4
Qxe4 0-1

[Event "McCLain Mem, G/45"]
[Site "San Francisco"]
[Date "2005.12.03"]
[Round "2"]
[White "Parker, Harold"]
[Black "Zheng, Daniel"]
[Result "1-0"]
[WhiteElo "1500"]
[BlackElo "1154"]
[PlyCount "71"]
[EventDate "2005.12.03"]
[EventType "swiss (rapid)"]
[EventRounds "5"]
[EventCountry "USA"]

1. e4 c5 2. Nf3 d6 3. d4 cxd4 4. Nxd4 Nf6 5. Nc3 g6 6. Be3 Bg7 7. f3 O-O 8. Qd2
Nc6 9. O-O-O Nxd4 10. Bxd4 Be6 11. e5 dxe5 12. Bxe5 Qa5 13. Qe1 a6 14. a3 b5
15. Bxf6 Bxf6 16. Ne4 Qxe1 17. Nxf6+ exf6 18. Rxe1 Rac8 19. c3 Rfd8 20. Be2 Rc5
21. Rd1 Rcd5 22. Rxd5 Rxd5 23. Rd1 Rxd1+ 24. Kxd1 Bc4 25. Bxc4 bxc4 26. Ke2 Kf8
27. Ke3 Ke7 28. Kd4 Kd6 29. Kxc4 Kc6 30. b4 h5 31. a4 g5 32. b5+ axb5+ 33.
axb5+ Kb6 34. Kb4 g4 35. f4 h4 36. c4 {
remainder illegible; W won in a few more moves} 1-0

[Event "McCLain Mem, G/45"]
[Site "San Francisco"]
[Date "2005.12.03"]
[Round "2"]
[White "Rekun, Kyrill"]
[Black "Starr, Albert"]
[Result "1-0"]
[WhiteElo "1268"]
[BlackElo "1520"]
[PlyCount "47"]
[EventDate "2005.12.03"]
[EventType "swiss (rapid)"]
[EventRounds "5"]
[EventCountry "USA"]

1. d4 f5 2. c4 e6 3. Nf3 Be7 4. e3 Nf6 5. Nc3 O-O 6. Bd3 c6 7. O-O d5 8. b3 h6
9. Bb2 Nbd7 10. Qc2 Qc7 11. Rac1 a6 12. cxd5 Nxd5 13. Nxd5 exd5 14. Bxf5 Qd6
15. e4 Qf6 16. h3 g6 17. Bxd7 Bxd7 18. e5 Qf7 19. Rce1 Bxh3 20. gxh3 Qxf3 21.
Qxg6+ Kh8 22. Qxh6+ Kg8 23. Re3 Qxf2+ 24. Rxf2 1-0

[Event "McCLain Mem, G/45"]
[Site "San Francisco"]
[Date "2005.12.03"]
[Round "2"]
[White "Roper, Lee"]
[Black "Vasilietsky, Daniel"]
[Result "1-0"]
[WhiteElo "1096"]
[BlackElo "976"]
[PlyCount "71"]
[EventDate "2005.12.03"]
[EventType "swiss (rapid)"]
[EventRounds "5"]
[EventCountry "USA"]

1. e4 e5 2. Nf3 Nc6 3. Bb5 a6 4. Ba4 Nf6 5. O-O Bc5 6. Re1 O-O 7. Bxc6 dxc6 8.
Nxe5 Re8 9. Nf3 Nxe4 10. d4 Bb6 11. c3 c5 12. Be3 cxd4 13. cxd4 Be6 14. Nc3
Nxc3 15. bxc3 Ba5 16. Bd2 Bf5 17. Qa4 Rxe1+ 18. Rxe1 c6 19. Ne5 Be6 20. Nc4 c5
21. Nxa5 cxd4 22. cxd4 b5 23. Qb4 Bxa2 24. Nc6 Qd5 25. Ne7+ Kf8 26. Nxd5+ Kg8
27. Ne7+ Kh8 28. Bc3 Bc4 29. d5 a5 30. Bxg7+ Kxg7 31. Qc3+ f6 32. Qg3+ Kf7 33.
d6 Rd8 34. Nf5 a4 35. Re7+ Kf8 36. Qg7# 1-0

[Event "McCLain Mem, G/45"]
[Site "San Francisco"]
[Date "2005.12.03"]
[Round "2"]
[White "Sowell, Nelson"]
[Black "Saguid, Vincent"]
[Result "1-0"]
[WhiteElo "1736"]
[BlackElo "1486"]
[PlyCount "68"]
[EventDate "2005.12.03"]
[EventType "swiss (rapid)"]
[EventRounds "5"]
[EventCountry "USA"]

1. d4 Nf6 2. c4 g6 3. g3 Bg7 4. Nf3 O-O 5. Bg2 d6 6. O-O Nbd7 7. Nc3 e5 8. Bg5
Re8 9. dxe5 dxe5 10. Qd2 c6 11. Rfd1 Qc7 12. Rac1 a5 13. b3 Nc5 14. Be3 Nce4
15. Qe1 Bf5 16. Nh4 Nxc3 17. Rxc3 Be6 18. Bc5 Rad8 19. Rcd3 Rxd3 20. Rxd3 Rd8
21. Qd2 Rxd3 22. Qxd3 b6 23. Bd6 Qd7 24. Bxe5 Qc8 25. Qd6 Ne8 26. Qd4 Bxe5 27.
Qxe5 b5 28. Qc5 Bd7 29. cxb5 cxb5 30. Qxc8 Bxc8 31. Bc6 Nd6 32. e4 b4 33. Nf3
Bb7 34. Bxb7 Nxb7 1-0

[Event "McCLain Mem, G/45"]
[Site "San Francisco"]
[Date "2005.12.03"]
[Round "2"]
[White "Srinivas, Sanjay"]
[Black "Chan, John"]
[Result "0-1"]
[WhiteElo "1334"]
[BlackElo "1659"]
[PlyCount "70"]
[EventDate "2005.12.03"]
[EventType "swiss (rapid)"]
[EventRounds "5"]
[EventCountry "USA"]

1. d4 Nf6 2. Nc3 d5 3. Bf4 c6 4. Qd2 Nbd7 5. O-O-O b5 6. g3 a5 7. a4 b4 8. Na2
Ba6 9. Bg2 e6 10. Nf3 Ne4 11. Qe3 Rc8 12. Ne5 Nxe5 13. dxe5 Bc5 14. Qf3 Nxf2
15. Be3 Bxe3+ 16. Qxe3 Nxh1 17. Bxh1 O-O 18. g4 c5 19. Rg1 d4 20. Qe4 Qg5+ 21.
Kb1 Bc4 22. b3 Bd5 23. Qd3 Bxh1 24. Rxh1 Qxe5 25. h4 f5 26. g5 Qe4 27. Qg3
Qxh1+ 28. Kb2 f4 29. Qg4 Qe4 30. h5 Qf5 31. Qh4 c4 32. Nc1 cxb3 33. Nxb3 Qxc2+
34. Ka1 Qxb3 35. Qe1 Rc2 0-1

[Event "McCLain Mem, G/45"]
[Site "San Francisco"]
[Date "2005.12.03"]
[Round "2"]
[White "Vayntrub, Dmitry"]
[Black "De Guzman, Ricardo"]
[Result "0-1"]
[WhiteElo "2101"]
[BlackElo "2483"]
[PlyCount "103"]
[EventDate "2005.12.03"]
[EventType "swiss (rapid)"]
[EventRounds "5"]
[EventCountry "USA"]

1. e4 e5 2. Nf3 Nc6 3. Bc4 Be7 4. d4 d6 5. O-O Nf6 6. dxe5 Nxe5 7. Nxe5 dxe5 8.
Qxd8+ Bxd8 9. f3 c6 10. Be3 Bb6 11. Kf2 Ke7 12. Nd2 Ne8 13. Bb3 Bxe3+ 14. Kxe3
Nd6 15. Nc4 Nxc4+ 16. Bxc4 h5 17. Rad1 b5 18. Bb3 Rb8 19. Rf2 a5 20. a3 a4 21.
Ba2 b4 22. axb4 Rxb4 23. c3 Rb7 24. Bc4 Bd7 25. Ra1 Rhb8 26. Rxa4 Rxb2 27. Rxb2
Rxb2 28. Ra2 Rb1 29. Rd2 f6 30. Kd3 Rc1 31. Rc2 Rh1 32. g3 g5 33. Rf2 h4 34.
Ke3 Rc1 35. Kd2 Rg1 36. g4 Kd6 37. Bf1 Kc5 38. Be2 Be6 39. Kc2 Bc4 40. Bd1 Bb3+
41. Kxb3 Rxd1 42. Kc2 Rg1 43. Kd3 h3 44. Ra2 Rg2 45. Ra5+ Kd6 46. Ra8 Rxh2 47.
Rh8 Kc5 48. Rh6 Rh1 49. Ke2 h2 50. Kf2 Rc1 51. Rxh2 Rxc3 52. Kg3 0-1

[Event "McCLain Mem, G/45"]
[Site "San Francisco"]
[Date "2005.12.03"]
[Round "3"]
[White "Chan, John"]
[Black "Roper, Lee"]
[Result "1-0"]
[WhiteElo "1659"]
[BlackElo "1096"]
[PlyCount "55"]
[EventDate "2005.12.03"]
[EventType "swiss (rapid)"]
[EventRounds "5"]
[EventCountry "USA"]

1. c4 Nf6 2. d4 g6 3. Nc3 Bg7 4. e4 d6 5. f3 Nbd7 6. Bd3 c5 7. d5 O-O 8. Nge2
Re8 9. g4 Ne5 10. Ng3 Nxd3+ 11. Qxd3 Nxg4 12. fxg4 Bxg4 13. h3 Bd7 14. Bd2 Qc8
15. O-O-O Bxh3 16. Nge2 Bg4 17. Rde1 f5 18. exf5 Bxf5 19. Qg3 Qd8 20. Nf4 Qa5
21. Ne6 Bxc3 22. Bxc3 Qxa2 23. Kd2 Qxc4 24. Nf4 Be4 25. Rxh7 Kxh7 26. Qh4+ Kg8
27. Qh8+ Kf7 28. Qg7# 1-0

[Event "McCLain Mem, G/45"]
[Site "San Francisco"]
[Date "2005.12.03"]
[Round "3"]
[White "Parker, Harold"]
[Black "Vayntrub, Dmitry"]
[Result "0-1"]
[WhiteElo "1500"]
[BlackElo "2101"]
[PlyCount "52"]
[EventDate "2005.12.03"]
[EventType "swiss (rapid)"]
[EventRounds "5"]
[EventCountry "USA"]

1. e4 c5 2. Nf3 e6 3. c4 Nc6 4. d4 cxd4 5. Nxd4 a6 6. Be3 Nf6 7. Bd3 Bb4+ 8.
Nd2 Ne5 9. Qe2 Nxd3+ 10. Qxd3 Ng4 11. O-O Qc7 12. g3 h5 13. h4 b6 14. Nc2 Nxe3
15. Nxe3 Bb7 16. Nf3 Qc6 17. Ne5 Qd6 18. Qxd6 Bxd6 19. f4 Bxe4 20. Rfe1 Bc5 21.
Kf2 Rd8 22. a3 f6 23. Nf3 a5 24. b4 axb4 25. axb4 Bxb4 26. Ra7 Bc5 0-1

[Event "McCLain Mem, G/45"]
[Site "San Francisco"]
[Date "2005.12.03"]
[Round "3"]
[White "Saguid, Vincent"]
[Black "Srinivas, Sanjay"]
[Result "1-0"]
[WhiteElo "1486"]
[BlackElo "1334"]
[PlyCount "55"]
[EventDate "2005.12.03"]
[EventType "swiss (rapid)"]
[EventRounds "5"]
[EventCountry "USA"]

1. Nf3 Nc6 2. g3 e5 3. d3 Nf6 4. Bg2 Bc5 5. O-O d6 6. h3 Nd4 7. Nbd2 Nxf3+ 8.
Nxf3 e4 9. Ng5 exd3 10. exd3 h6 11. Re1+ Kf8 12. Nf3 Bd7 13. Be3 Bxe3 14. Rxe3
Qc8 15. Kh2 Bxh3 16. Bxh3 Ng4+ 17. Bxg4 Qxg4 18. Kg2 h5 19. Re4 Qg6 20. Qe2 d5
21. Re7 h4 22. Re1 f6 23. Rxc7 h3+ 24. Kh2 f5 25. Qe7+ Kg8 26. Re6 Qg4 27. Ng5
Qh5 28. Qxg7# 1-0

[Event "McCLain Mem, G/45"]
[Site "San Francisco"]
[Date "2005.12.03"]
[Round "4"]
[White "Da Cruz, Michael"]
[Black "Chan, John"]
[Result "1-0"]
[WhiteElo "1934"]
[BlackElo "1659"]
[PlyCount "56"]
[EventDate "2005.12.03"]
[EventType "swiss (rapid)"]
[EventRounds "5"]
[EventCountry "USA"]

1. e4 c5 2. Nf3 d6 3. d4 cxd4 4. Nxd4 Nf6 5. Nc3 a6 6. Be3 e6 7. f3 Be7 8. Qd2
Bd7 9. O-O-O b5 10. g4 e5 11. Nf5 Bxf5 12. gxf5 Nbd7 13. Rg1 Rg8 14. a3 Rc8 15.
f4 Qa5 16. Bd3 d5 17. Nxd5 Qxd2+ 18. Rxd2 Nxd5 19. exd5 f6 20. Be2 Bd6 21. Bh5+
Kf8 22. fxe5 Nxe5 23. Rdg2 Rc7 24. Bb6 Rc4 25. Bd8 Nd7 26. Re2 Bf4+ 27. Kb1 Ne5
28. d6 Rc8 1-0

[Event "McCLain Mem, G/45"]
[Site "San Francisco"]
[Date "2005.12.03"]
[Round "4"]
[White "Perepelitsky, Philipp"]
[Black "De Guzman, Ricardo"]
[Result "0-1"]
[WhiteElo "2134"]
[BlackElo "2483"]
[PlyCount "44"]
[EventDate "2005.12.03"]
[EventType "swiss (rapid)"]
[EventRounds "5"]
[EventCountry "USA"]

1. d4 Nf6 2. c4 e6 3. Nc3 Bb4 4. e3 O-O 5. Bd3 d5 6. a3 Bxc3+ 7. bxc3 c5 8. Nf3
Nc6 9. O-O Qc7 10. cxd5 exd5 11. h3 b6 12. Bb2 Be6 13. Qc2 c4 14. Be2 Ne4 15.
Nd2 f5 16. a4 Rf6 17. Rfc1 Kh8 18. Nxc4 f4 19. Nd2 Nxf2 20. Kxf2 fxe3+ 21. Kg1
Qg3 22. Nf1 Qf2+ 0-1

[Event "McCLain Mem, G/45"]
[Site "San Francisco"]
[Date "2005.12.03"]
[Round "4"]
[White "Roper, Lee"]
[Black "Starr, Albert"]
[Result "0-1"]
[WhiteElo "1096"]
[BlackElo "1521"]
[PlyCount "88"]
[EventDate "2005.12.03"]
[EventType "swiss (rapid)"]
[EventRounds "5"]
[EventCountry "USA"]

1. Nf3 d5 2. g3 Nf6 3. Bg2 c6 4. O-O Nbd7 5. d4 g6 6. Nbd2 Bg7 7. c4 dxc4 8.
Nxc4 Nb6 9. Nce5 O-O 10. Qb3 Be6 11. Qc2 Nfd7 12. Bf4 Nd5 13. Bd2 Qc7 14. e4
N5f6 15. d5 Nxe5 16. dxe6 Nxf3+ 17. Bxf3 fxe6 18. Rfe1 Nd7 19. Rad1 Rxf3 20.
Bf4 e5 21. Bg5 Rf7 22. Qc4 b5 23. Qb3 Nc5 24. Qe3 Ne6 25. Bh4 Nd4 26. Rxd4 exd4
27. Qd3 c5 28. Rc1 c4 29. Qa3 Kh8 {
B move missing here; this was not the game move} 30. Bg5 a5 31. b3 c3 32. b4
Qd6 33. Rb1 e5 34. Kf1 a4 35. Qc1 Raf8 36. f4 h6 37. Bh4 g5 38. Bxg5 hxg5 39.
Ke2 exf4 40. gxf4 Rxf4 41. Qg1 Rxe4+ 42. Kd3 Re3+ 43. Kc2 Qg6+ 44. Kc1 Rfe8 0-1

[Event "McCLain Mem, G/45"]
[Site "San Francisco"]
[Date "2005.12.03"]
[Round "4"]
[White "Yamamoto, Craig"]
[Black "Saguid, Vincent"]
[Result "1-0"]
[WhiteElo "1524"]
[BlackElo "1486"]
[PlyCount "48"]
[EventDate "2005.12.03"]
[EventType "swiss (rapid)"]
[EventRounds "5"]
[EventCountry "USA"]

1. e4 d6 2. d4 Nf6 3. Bd3 g6 4. f4 Bg7 5. c4 O-O 6. Nf3 e5 7. dxe5 dxe5 8. Nxe5
Re8 9. Nc3 b6 10. O-O Rxe5 11. fxe5 Qd4+ 12. Kh1 Ng4 13. Qe2 Bxe5 14. Bf4 Nc6
15. h3 Bxf4 16. Rxf4 Nge5 17. Rd1 Nb4 18. Bc2 Qxc4 19. Qxc4 Nxc4 20. Bb3 Be6
21. e5 Nxb2 22. Bxe6 Nxd1 23. Bxf7+ Kg7 24. Nxd1 Nd3 1-0

[Event "McCLain Mem, G/45"]
[Site "San Francisco"]
[Date "2005.12.03"]
[Round "4"]
[White "Zhu, Kevin"]
[Black "Parker, Harold"]
[Result "0-1"]
[WhiteElo "1290"]
[BlackElo "1500"]
[PlyCount "49"]
[EventDate "2005.12.03"]
[EventType "swiss (rapid)"]
[EventRounds "5"]
[EventCountry "USA"]

1. e4 e5 2. Bc4 Nf6 3. d4 exd4 4. e5 d5 5. Bb3 Ne4 6. Qxd4 Be6 7. Qd1 Bc5 8.
Be3 Bxe3 9. fxe3 Qh4+ 10. g3 Nxg3 11. Nf3 Qh5 12. Rg1 Nf5 13. Qe2 c6 14. Nc3
Nd7 15. O-O-O O-O-O 16. e4 dxe4 17. Nxe4 Nxe5 18. Bxe6+ fxe6 19. Rxd8+ Rxd8 20.
Rg5 Qxf3 21. Qxf3 Nxf3 22. Rh5 h6 23. Rh3 Ng1 24. Ra3 Ne2+ 25. Kb1 0-1

[Event "McCLain Mem, G/45"]
[Site "San Francisco"]
[Date "2005.12.03"]
[Round "5"]
[White "Bukh, Yefim"]
[Black "Vayntrub, Dmitry"]
[Result "0-1"]
[WhiteElo "1928"]
[BlackElo "2101"]
[PlyCount "20"]
[EventDate "2005.12.03"]
[EventType "swiss (rapid)"]
[EventRounds "5"]
[EventCountry "USA"]

1. d4 c5 2. c3 e6 3. Nf3 Nf6 4. Bf4 b6 5. e3 Bb7 6. Nbd2 Nc6 7. Nc4 cxd4 8.
exd4 d6 9. Bd3 Rc8 10. a4 Be7 {remainder illegible; B won in 36 moves} 0-1

[Event "McCLain Mem, G/45"]
[Site "San Francisco"]
[Date "2005.12.03"]
[Round "5"]
[White "De Guzman, Ricardo"]
[Black "Tserendorj, Batsaikhan"]
[Result "1-0"]
[WhiteElo "2483"]
[BlackElo "2164"]
[PlyCount "71"]
[EventDate "2005.12.03"]
[EventType "swiss (rapid)"]
[EventRounds "5"]
[EventCountry "USA"]

1. d4 Nf6 2. Nf3 g6 3. Bg5 Bg7 4. Nbd2 d5 5. e3 O-O 6. Be2 b6 7. O-O Bb7 8. c4
Nbd7 9. Rc1 c6 10. Qb3 h6 11. Bh4 Ne4 12. Nxe4 dxe4 13. Nd2 c5 14. d5 f5 15. f3
g5 16. Bf2 exf3 17. Nxf3 Ne5 18. Bg3 Ng4 19. h3 f4 20. exf4 gxf4 21. hxg4 fxg3
22. Qe3 Qd6 23. Bd3 Rf4 24. Rce1 Raf8 25. Qxe7 Qxe7 26. Rxe7 Bc8 27. Rfe1 Bxg4
28. Ne5 Bf5 29. Bxf5 R8xf5 30. b3 Rf2 31. Nf3 R5xf3 32. gxf3 Bd4 33. R1e4 Rxa2+
34. Rxd4 cxd4 35. d6 Kf8 36. Re4 1-0

[Event "McCLain Mem, G/45"]
[Site "San Francisco"]
[Date "2005.12.03"]
[Round "5"]
[White "Parker, Harold"]
[Black "Young, Greg"]
[Result "1/2-1/2"]
[WhiteElo "1500"]
[BlackElo "1848"]
[PlyCount "100"]
[EventDate "2005.12.03"]
[EventType "swiss (rapid)"]
[EventRounds "5"]
[EventCountry "USA"]

1. e4 d5 2. exd5 Qxd5 3. Nc3 Qa5 4. d4 c6 5. h3 Bf5 6. Nf3 e6 7. Bd2 Qc7 8. Be2
Nd7 9. Bg5 Ngf6 10. Bd3 Bxd3 11. Qxd3 Bd6 12. g3 h6 13. Bxf6 Nxf6 14. Ne4 Nxe4
15. Qxe4 O-O-O 16. O-O-O Qa5 17. Kb1 Qd5 18. Qxd5 exd5 19. Ne5 Rhf8 20. f4 f6
21. Ng6 Rfe8 22. Rhe1 Kd7 23. g4 Rxe1 24. Rxe1 Re8 25. Rxe8 Kxe8 26. f5 Kd7 27.
b3 c5 28. dxc5 Bxc5 29. Nf4 Kd6 30. Kb2 Bd4+ 31. c3 Be3 32. Ne6 g5 33. Kc2 Ke5
34. Kd3 Bb6 35. a4 a6 36. b4 a5 37. b5 Kd6 38. Ng7 Bg1 39. Ne6 Bb6 40. Ng7 Bc5
41. Ne6 Bg1 42. Ng7 Ke5 43. Ne6 Bf2 44. Ke2 Bg1 45. Kd2 Ba7 46. Ke2 Bb6 47. Ng7
Bc5 48. Kd3 Bg1 49. Ne6 Bc5 50. Ng7 Bg1 1/2-1/2

[Event "McCLain Mem, G/45"]
[Site "San Francisco"]
[Date "2005.12.03"]
[Round "5"]
[White "Saguid, Vincent"]
[Black "Zheng, Daniel"]
[Result "0-1"]
[WhiteElo "1486"]
[BlackElo "1154"]
[PlyCount "54"]
[EventDate "2005.12.03"]
[EventType "swiss (rapid)"]
[EventRounds "5"]
[EventCountry "USA"]

1. Nf3 d5 2. g3 Nc6 3. Bg2 e5 4. d3 Nf6 5. O-O Bc5 6. c4 dxc4 7. Qa4 O-O 8.
Qxc4 Bb6 9. Nc3 Be6 10. Qh4 Nd7 11. Bg5 f6 12. Bd2 Nc5 13. Rfc1 Qe7 14. Be3
Rfd8 15. Bxc5 Qxc5 16. Ne4 Qe7 17. Ned2 Nb4 18. Nc4 Rac8 19. Nxb6 cxb6 20. Nxe5
g5 21. Qe4 fxe5 22. Qxe5 Rxc1+ 23. Rxc1 Nxa2 24. Rc7 Rd7 25. Rc8+ Kf7 26. Rh8
Qd6 27. Rxh7+ Ke8 0-1

[Event "McCLain Mem, G/45"]
[Site "San Francisco"]
[Date "2005.12.03"]
[Round "5"]
[White "Starr, Albert"]
[Black "Zhu, Kevin"]
[Result "1-0"]
[WhiteElo "1478"]
[BlackElo "1310"]
[PlyCount "77"]
[EventDate "2005.12.03"]
[EventType "swiss (rapid)"]
[EventRounds "5"]
[EventCountry "USA"]

1. b4 e5 2. b5 d5 3. e3 Nf6 4. Bb2 Bd6 5. Nf3 Nbd7 6. Be2 O-O 7. O-O Re8 8. d3
Rb8 9. Nbd2 c6 10. a4 c5 11. c4 d4 12. Ne4 Nxe4 13. dxe4 Nf8 14. exd4 cxd4 15.
Bd3 Bg4 16. Be2 Bd7 17. Qd3 Ne6 18. g3 Nc5 19. Qd1 Nxe4 20. Bd3 Nc5 21. Ba3 f5
22. Bc2 f4 23. Re1 b6 24. Qb1 g6 25. Bxg6 Re7 26. Ra2 Bc7 27. Bxc5 bxc5 28. Be4
a6 29. Rae2 Qe8 30. Kh1 axb5 31. axb5 fxg3 32. fxg3 Ba5 33. Rf1 Bg4 34. Ra2 Bc3
35. Ng5 h6 36. Bh7+ Kg7 37. Qe4 Bh5 38. Nf3 Rd8 39. Nh4 1-0